[Event "Slow chess...."]
[Site "SchemingMind.com"]
[Date "2008.06.02"]
[Round "-"]
[White "Brerrabbit"]
[Black "rampichino"]
[Result "1-0"]
[WhiteCountry "SCO"]
[BlackCountry "ITA"]
[WhiteElo "1457"]
[WhiteRD "67"]
[BlackElo "1222"]
[BlackRD "69"]
[GameID "157528"]

1. e4 d5 2. exd5 Qxd5 3. Nc3 Qd6 4. d4 Nf6 5. Nf3 a6 6. Bc4 b5 7. Bd3 Bb7 8. O-O e6 9. Ne5 Nbd7 10. Bf4 Qe7
11. Re1 O-O-O 12. a4 b4 13. Ne4 Nxe5 14. dxe5 Nxe4 15. Bxe4 Rxd1 16. Raxd1 Bxe4 17. Rxe4 g5 18. Be3
1-0

[Event "Slow chess...."]
[Site "SchemingMind.com"]
[Date "2008.06.03"]
[Round "-"]
[White "rampichino"]
[Black "Brerrabbit"]
[Result "0-1"]
[WhiteCountry "ITA"]
[BlackCountry "SCO"]
[WhiteElo "1222"]
[WhiteRD "69"]
[BlackElo "1457"]
[BlackRD "67"]
[GameID "157529"]

1. e4 e5 2. Nf3 Nc6 3. d4 Nf6 4. Bc4 d5 5. exd5 Nxd5 6. dxe5 Bg4 7. Qxd5 Qxd5 8. Bxd5 Bc5 9. Nc3 O-O 10. Bf4 Rad8
11. O-O-O Bf5 12. Bxc6 bxc6 13. Bg3 Rde8 14. Nd4 Be7 15. Nxc6 Bc5 16. b4 Bb6
0-1

[Event "Slow chess...."]
[Site "SchemingMind.com"]
[Date "2008.06.05"]
[Round "-"]
[White "rao"]
[Black "Brerrabbit"]
[Result "1-0"]
[WhiteCountry "INT"]
[BlackCountry "SCO"]
[WhiteElo "1493"]
[WhiteRD "73"]
[BlackElo "1457"]
[BlackRD "67"]
[GameID "157912"]

1. e4 e5 2. Bc4 Nf6 3. d3 Nc6 4. Bg5 Be7 5. Nf3 d5 6. exd5 Nxd5 7. Bxe7 Kxe7 8. O-O Re8 9. Ng5 h6 10. Ne4 Kf8
11. Nbc3 Nf4 12. Qf3 Nd4 13. Qd1 Rb8 14. Nb5 a6 15. Nxd4 exd4 16. Qf3 Nd5 17. c3 Be6 18. Nc5 b5 19. Nxe6+ Rxe6 20. Bxd5 Rf6
21. Qe4 Rd6 22. c4 bxc4 23. Bxc4 g6 24. Qf4 Qd7 25. b3 Kg7 26. Rae1 g5 27. Qe4 Re8 28. Qxe8
1-0

[Event "Slow chess...."]
[Site "SchemingMind.com"]
[Date "2008.06.04"]
[Round "-"]
[White "rao"]
[Black "rampichino"]
[Result "1-0"]
[WhiteCountry "INT"]
[BlackCountry "ITA"]
[WhiteElo "1493"]
[WhiteRD "73"]
[BlackElo "1222"]
[BlackRD "69"]
[GameID "157913"]

1. e4 d5 2. e5 c5 3. h3 Bf5 4. Nf3 e6 5. d3 f6 6. Qe2 fxe5 7. Qxe5 Nc6 8. Qg3 h6 9. Nh4 g5 10. Nxf5 exf5
11. Qe3+ Qe7 12. Qxe7+ Ngxe7 13. Be2 O-O-O 14. Na3
1-0

[Event "Slow chess...."]
[Site "SchemingMind.com"]
[Date "2008.06.05"]
[Round "-"]
[White "Brerrabbit"]
[Black "rao"]
[Result "0-1"]
[WhiteCountry "SCO"]
[BlackCountry "INT"]
[WhiteElo "1457"]
[WhiteRD "67"]
[BlackElo "1493"]
[BlackRD "73"]
[GameID "157914"]

1. e4 e5 2. Nf3 Nc6 3. Nc3 Bc5 4. Bc4 h6 5. Nd5 Nf6 6. d3 d6 7. Be3 Bxe3 8. Nxe3 a6 9. Qe2 Nd4 10. Nxd4 c5
11. Ndf5 Bxf5 12. exf5 d5 13. Bb3 Qd7 14. c4 d4 15. Nd5 Qd6 16. O-O O-O 17. Nxf6+ Qxf6 18. Rfe1 Rfe8 19. Qe4 b6 20. f4 Qh4
21. Ba4 Reb8 22. Qxe5 b5 23. Bd1 Rc8 24. f6 gxf6 25. Qe4 bxc4 26. dxc4 Rab8 27. Bc2 Qg4 28. Qh7+ Kf8 29. Qh8+ Qg8 30. Qxg8+ Kxg8
31. Re4 Rxb2 32. Ba4 Kh7 33. Re7 Kg7 34. Be8 Kf8 35. Rae1 Rxa2 36. Rxf7+ Kg8 37. Rxf6 Kg7 38. Ree6 Rxe8 39. Rg6+ Kf7 40. Ref6+ Ke7
41. Rxh6 Kd8 42. Rc6 Re1#
0-1

[Event "Slow chess...."]
[Site "SchemingMind.com"]
[Date "2008.06.04"]
[Round "-"]
[White "rampichino"]
[Black "rao"]
[Result "0-1"]
[WhiteCountry "ITA"]
[BlackCountry "INT"]
[WhiteElo "1222"]
[WhiteRD "69"]
[BlackElo "1493"]
[BlackRD "73"]
[GameID "157915"]

1. e4 e5 2. Nf3 Nc6 3. d4 exd4 4. Nxd4 Qf6 5. Nxc6 Qxc6 6. Bd3 Bc5 7. O-O d6 8. Nc3 Be6 9. Bb5 Qxb5 10. Nxb5 Bb6
11. Nxd6+ cxd6 12. Be3 Bc7 13. f4 Nf6
0-1

[Event "Slow chess...."]
[Site "SchemingMind.com"]
[Date "2008.06.05"]
[Round "-"]
[White "jake"]
[Black "Brerrabbit"]
[Result "0-1"]
[WhiteCountry "USA"]
[BlackCountry "SCO"]
[WhiteElo "1042"]
[WhiteRD "85"]
[BlackElo "1448"]
[BlackRD "68"]
[GameID "157927"]

1. Nc3 e5 2. e4 Nf6 3. Bc4 Nc6 4. Qf3 Bb4 5. Nb5 d5 6. exd5 Nd4 7. Qe4 Bf5 8. Qxe5+ Be7 9. Qxd4 O-O 10. Bd3 Bxd3
11. cxd3 Re8 12. Nf3 Bc5+ 13. Kf1 Bxd4 14. Nfxd4 Qxd5 15. Nxc7 Qxd4 16. Nxa8 Rxa8 17. a4 Qxd3+ 18. Ke1 Re8+ 19. Kd1 Qe2+ 20. Kc2 Rc8+
21. Kb3 Qc4+ 22. Ka3 Nd5 23. b3 Qb4+ 24. Ka2 Rc2+ 25. Kb1 Qxb3+ 26. Bb2 Qxb2#
0-1

[Event "Slow chess...."]
[Site "SchemingMind.com"]
[Date "2008.06.05"]
[Round "-"]
[White "jake"]
[Black "rao"]
[Result "0-1"]
[WhiteCountry "USA"]
[BlackCountry "INT"]
[WhiteElo "1061"]
[WhiteRD "82"]
[BlackElo "1493"]
[BlackRD "73"]
[GameID "157928"]

1. e3 e5 2. Nc3 Bc5 3. d4 exd4 4. exd4 Bb4 5. Qe2+ Qe7 6. Nf3 d5 7. Bd2 Bg4 8. Nxd5 Bxd2+ 9. Kxd2 Qxe2+ 10. Bxe2 Kd7
11. Bb5+ c6 12. Bc4 cxd5 13. Bxd5 Nc6 14. Rhe1 Nf6 15. Bxf7 Rad8 16. Ne5+ Nxe5 17. dxe5 Ke7+ 18. Kc3 Kxf7 19. exf6 Kxf6 20. Re4 Rc8+
21. Kd2 Rhd8+ 22. Ke3 Bf5 23. Rf4 Re8+ 24. Kf3 g5 25. Rb4 b6 26. Rd1 h5 27. Rd6+ Re6 28. Rxe6+ Kxe6 29. c4 Rc5 30. Ke3 Re5+
31. Kd4 g4 32. f4 Re4+ 33. Kc3 Rxf4 34. g3 Rf2 35. h4 gxh3
0-1

[Event "Slow chess...."]
[Site "SchemingMind.com"]
[Date "2008.06.05"]
[Round "-"]
[White "jake"]
[Black "rampichino"]
[Result "1-0"]
[WhiteCountry "USA"]
[BlackCountry "ITA"]
[WhiteElo "1061"]
[WhiteRD "82"]
[BlackElo "1222"]
[BlackRD "69"]
[GameID "157929"]

1. e3 d5 2. d4 Nf6 3. Nc3 Bf5 4. Bb5+ Nc6 5. Qf3 Bxc2 6. Qf4 e6 7. Bd2 Bd6 8. Qg4 O-O 9. Rc1 Bf5 10. Qf3 Bg4
11. Qxf6 Qxf6 12. f3
1-0

[Event "Slow chess...."]
[Site "SchemingMind.com"]
[Date "2008.06.05"]
[Round "-"]
[White "Brerrabbit"]
[Black "jake"]
[Result "1-0"]
[WhiteCountry "SCO"]
[BlackCountry "USA"]
[WhiteElo "1457"]
[WhiteRD "67"]
[BlackElo "1061"]
[BlackRD "82"]
[GameID "157930"]

1. e4 d6 2. d4 e5 3. d5 Qh4 4. Nf3 Qxe4+ 5. Be2 Bf5 6. O-O c6 7. Bd3 Qg4 8. Nc3 cxd5 9. Nxd5 Nc6 10. Nc7+ Kd8
11. Nxa8 Nd4 12. Nxd4 Qxd4 13. Bxf5 Qh4 14. g3 Qf6 15. Be4 Nh6 16. Bxb7 e4 17. Re1 d5 18. Qxd5+ Ke7 19. Bg5 Ng4 20. Bxf6+ gxf6
21. Rxe4+ Ne5 22. f4 Bh6 23. fxe5 fxe5 24. Rxe5+ Kf6 25. Rf1+ Kg6 26. Qe4+ Kg7 27. Re8 Rxe8 28. Qg4+ Kf8 29. Bd5 Be3+ 30. Kg2 Re5
31. Rxf7+ Ke8 32. Qd7#
1-0

[Event "Slow chess...."]
[Site "SchemingMind.com"]
[Date "2008.06.05"]
[Round "-"]
[White "rao"]
[Black "jake"]
[Result "1-0"]
[WhiteCountry "INT"]
[BlackCountry "USA"]
[WhiteElo "1493"]
[WhiteRD "73"]
[BlackElo "1061"]
[BlackRD "82"]
[GameID "157931"]

1. e4 Nc6 2. d4 d6 3. Nf3 Bg4 4. c3 e5 5. Be3 Nf6 6. Bd3 Na5 7. h3 Be6 8. Ng5 exd4 9. cxd4 d5 10. e5 Bb4+
11. Bd2 Nc6 12. Bb5 Bd7 13. Bxc6 Bxc6 14. Bxb4 Ne4 15. Nxe4 dxe4 16. O-O Qg5 17. Qg4 Qxg4 18. hxg4 Rd8 19. Bc3 Rd5 20. Nd2 h5
21. g5 h4 22. Nxe4 Bb5 23. Rfe1 f5 24. Nc5 Rh5 25. f4 h3 26. gxh3 Rxh3 27. Kg2 Rxc3 28. bxc3 a5 29. Nxb7 Bc6 30. Nc5 Bb5
31. Ne6 Rd7 32. Rab1 Rd5 33. Nxc7+ Kd8 34. Nxd5 Bd3 35. e6
1-0

[Event "Slow chess...."]
[Site "SchemingMind.com"]
[Date "2008.06.05"]
[Round "-"]
[White "rampichino"]
[Black "jake"]
[Result "0-1"]
[WhiteCountry "ITA"]
[BlackCountry "USA"]
[WhiteElo "1222"]
[WhiteRD "69"]
[BlackElo "1061"]
[BlackRD "82"]
[GameID "157932"]

1. e4 Nf6 2. e5 Ne4 3. d3 Nxf2 4. Kxf2 d5 5. Nf3 e6 6. g3 Bc5+ 7. d4 Bb6 8. Bb5+ c6 9. Ba4 Nd7 10. Rf1 Nxe5
0-1

[Event "Slow chess...."]
[Site "SchemingMind.com"]
[Date "2008.06.05"]
[Round "-"]
[White "lame wolf"]
[Black "Brerrabbit"]
[Result "0-1"]
[WhiteCountry "INT"]
[BlackCountry "SCO"]
[WhiteElo "1052"]
[WhiteRD "58"]
[BlackElo "1448"]
[BlackRD "68"]
[GameID "157941"]

1. e3 e5 2. g3 d5 3. Bg2 Nf6 4. d3 Nc6 5. Nc3 Bc5 6. Qe2 Bg4 7. Bf3 Qd7 8. e4 O-O 9. h3 Bxf3 10. Nxf3 d4
11. Nd1 a5 12. Bd2 Ra6 13. b3 a4 14. b4 Nxb4 15. Nxe5 Qe6 16. Bf4 g5 17. c3 Nc6 18. Nc4 b5 19. Nd2 gxf4 20. gxf4 Bd6
21. f5 Qe5 22. a3 Na5 23. c4 bxc4 24. Nxc4 Rb8 25. Nxe5 Bxe5 26. Nb2 Rb3 27. f3 Nh5 28. Kf2 Nf4 29. Qf1 Rxb2+ 30. Kg1 Ne2+
31. Kf2 Ng3+ 32. Kg1 Nxf1 33. Kxf1 Rb3 34. Ke2 Rc6 35. h4 Rc2+ 36. Kf1 Rxd3 37. Rg1+ Kf8 38. Rg2 Rxg2 39. Kxg2 Re3 40. Kf2 Nc4
41. Ra2 Nxa3
0-1

[Event "Slow chess...."]
[Site "SchemingMind.com"]
[Date "2008.06.05"]
[Round "-"]
[White "lame wolf"]
[Black "jake"]
[Result "1-0"]
[WhiteCountry "INT"]
[BlackCountry "USA"]
[WhiteElo "1052"]
[WhiteRD "58"]
[BlackElo "1042"]
[BlackRD "85"]
[GameID "157942"]

1. e3 d5 2. c4 Bf5 3. b3 Nf6 4. Be2 dxc4 5. Bxc4 Nc6 6. Bb2 e5 7. Qe2 Bb4 8. Bc3 Bxc3 9. Nxc3 O-O 10. d3 Re8
11. e4 Bg4 12. Qc2 Nd4 13. Qb2 Nxe4 14. Nxe4 Re6 15. Bxe6 fxe6 16. b4 Qh4 17. Ng3 Rf8 18. Nf3 Rxf3 19. gxf3 Bxf3 20. Rg1 Qg5
21. Qc1 Qxc1+ 22. Rxc1 Kf7 23. Rxc7+ Ke8 24. Rxg7 Nc2+ 25. Kd2 Nxb4 26. a4 h5 27. Nf1 e4 28. dxe4 Bxe4 29. Rg8+ Kf7 30. f4 Bh7
31. R8g7+ Kf8 32. Rxh7
1-0

[Event "Slow chess...."]
[Site "SchemingMind.com"]
[Date "2008.06.05"]
[Round "-"]
[White "lame wolf"]
[Black "rao"]
[Result "0-1"]
[WhiteCountry "INT"]
[BlackCountry "INT"]
[WhiteElo "1052"]
[WhiteRD "58"]
[BlackElo "1397"]
[BlackRD "81"]
[GameID "157943"]

1. e3 e5 2. d4 Nc6 3. d5 Nb4 4. Bd3 Nxd5 5. e4 Qf6 6. Qf3 Nb4 7. Qxf6 Nxf6 8. Ne2 Nxd3+ 9. cxd3 Bb4+ 10. Bd2 Bc5
11. O-O d6 12. b4 Bb6 13. b5 Bg4 14. Ng3 Nh5 15. Be1 Nxg3 16. hxg3 Be2
0-1

[Event "Slow chess...."]
[Site "SchemingMind.com"]
[Date "2008.06.05"]
[Round "-"]
[White "lame wolf"]
[Black "rampichino"]
[Result "1-0"]
[WhiteCountry "INT"]
[BlackCountry "ITA"]
[WhiteElo "1074"]
[WhiteRD "50"]
[BlackElo "1222"]
[BlackRD "69"]
[GameID "157944"]

1. e3 d5 2. d4 Nf6 3. g3 Nc6 4. Bg2 Bf5 5. Nc3 e6 6. Qe2 Bd6 7. e4 dxe4 8. Bg5 Nxd4 9. Qd1 e3 10. Qxd4 exf2+
11. Qxf2 O-O 12. Bxb7 Rb8 13. Qf3 h6 14. Bxf6 Qxf6 15. O-O-O Qg5+ 16. Kb1 Bg4 17. h4 Bxf3 18. hxg5 Bxd1 19. Nxd1 Rxb7 20. gxh6 gxh6
21. Rxh6 Kg7 22. Rh3 Rfb8 23. b3 a5 24. Nf3 a4 25. Nd2 axb3 26. cxb3 c5 27. g4 Bf4 28. Rd3 Bxd2 29. Rxd2 c4 30. b4 Rxb4+
31. Kc2
1-0

[Event "Slow chess...."]
[Site "SchemingMind.com"]
[Date "2008.06.05"]
[Round "-"]
[White "Brerrabbit"]
[Black "lame wolf"]
[Result "1/2-1/2"]
[WhiteCountry "SCO"]
[BlackCountry "INT"]
[WhiteElo "1448"]
[WhiteRD "68"]
[BlackElo "1052"]
[BlackRD "58"]
[GameID "157945"]

1. e4 d5 2. exd5 Qxd5 3. Nc3 Qd8 4. d4 Nf6 5. Nf3 Bg4 6. Be2 Nc6 7. Bf4 e6 8. Qd3 Bd6 9. O-O Bxf4 10. h3 Bf5
11. Qc4 Bxc2 12. d5 Nxd5 13. Nxd5 Bg6 14. Nxf4 O-O 15. Nxg6 hxg6 16. Ng5 Qxg5 17. h4 Qd2 18. Bf3 Qxb2 19. Rab1 Qd4 20. Qb3 Qb4
21. Qxb4 Nxb4 22. Rxb4 c5 23. Rxb7 Rac8 24. Rxa7 c4 25. Bb7 Rc7 26. a4 c3 27. Rc1 Rb8 28. a5 Rbxb7 29. Rxb7 Rxb7 30. Rxc3 Ra7
31. Rc8+ Kh7 32. Rc6 Rxa5 33. g3 e5 34. g4 e4 35. Kf1 f5 36. gxf5 Rxf5 37. Ke2 g5 38. hxg5 Rxg5 39. Ke3 Rg2 40. f3 exf3
41. Kxf3 Rg6 42. Rc4 Kh6 43. Kf4 Rg5 44. Re4 g6 45. Re3 Rh5 46. Kg4 Rg5+ 47. Kh4 Rf5 48. Rh3 Rh5+ 49. Kg4 Rxh3 50. Kxh3 g5
51. Kg4= Kh7 52. Kxg5
1/2-1/2

[Event "Slow chess...."]
[Site "SchemingMind.com"]
[Date "2008.06.05"]
[Round "-"]
[White "jake"]
[Black "lame wolf"]
[Result "0-1"]
[WhiteCountry "USA"]
[BlackCountry "INT"]
[WhiteElo "1042"]
[WhiteRD "85"]
[BlackElo "1052"]
[BlackRD "58"]
[GameID "157946"]

1. Nf3 b5 2. g3 Bb7 3. Bg2 a5 4. Nc3 b4 5. Nb5 c6 6. Nbd4 c5 7. Nb5 Nc6 8. c4 Qb6 9. a4 Na7 10. Qc2 e6
11. Qd3 Nxb5 12. axb5 Ne7 13. Bh3 Rd8 14. Ne5 Bxh1 15. Nxf7 Kxf7 16. Bxe6+ dxe6 17. Qe3 Nf5 18. Qg5 Qd6 19. Rxa5 Qe5 20. Ra7+ Be7
21. Qg4 Be4 22. f3 Nh6 23. Qxe4 Qxe4 24. fxe4 Ra8 25. Rc7 Rhc8 26. Rxc8 Rxc8 27. d3 Ng4 28. b6 Rb8 29. Bf4 Rxb6 30. h3 Nf6
31. e5 Nd7 32. h4 g5 33. hxg5 h6 34. gxh6 Kg6 35. g4 Bg5 36. Bxg5 Nxe5 37. Bf4 Nd7 38. e4 e5 39. Be3 Kh7 40. g5 Kg6
41. b3 Ra6 42. h7 Kxh7 43. Bd2 Kg6
0-1

[Event "Slow chess...."]
[Site "SchemingMind.com"]
[Date "2008.06.05"]
[Round "-"]
[White "rao"]
[Black "lame wolf"]
[Result "1-0"]
[WhiteCountry "INT"]
[BlackCountry "INT"]
[WhiteElo "1397"]
[WhiteRD "81"]
[BlackElo "1052"]
[BlackRD "58"]
[GameID "157947"]

1. e4 d5 2. Qf3 d4 3. Bc4 e6 4. d3 Qf6 5. Qg3 Bd6 6. Qh3 Nc6 7. Nf3 e5 8. Qh4 Qxh4 9. Nxh4 Be6 10. Bxe6 Nf6
11. Bh3 Nb4 12. Na3 a5 13. Nf5 O-O 14. Bd2 b6 15. Bxb4 Bxb4+ 16. Kf1 Bxa3 17. bxa3 b5 18. Rb1 g6 19. Ne7+ Kg7 20. Ke2 Rae8
21. Nc6 g5 22. Bf5 b4 23. axb4 axb4 24. Rxb4 Kh6 25. h4 g4 26. f3 g3 27. Rb7 Rb8 28. Nxb8 Rd8 29. Nc6 Rd6 30. Nxe5 Ra6
31. Nxf7+ Kg7 32. Rxc7 Rxa2 33. Ng5+ Kh6 34. Nxh7 Nxh7 35. Rxh7#
1-0

[Event "Slow chess...."]
[Site "SchemingMind.com"]
[Date "2008.06.05"]
[Round "-"]
[White "rampichino"]
[Black "lame wolf"]
[Result "1-0"]
[WhiteCountry "ITA"]
[BlackCountry "INT"]
[WhiteElo "1318"]
[WhiteRD "69"]
[BlackElo "1052"]
[BlackRD "58"]
[GameID "157948"]

1. e4 d5 2. exd5 Qxd5 3. Nc3 Qd8 4. Bc4 e6 5. Nf3 c6 6. d3 b5 7. Bb3 b4 8. O-O a5 9. Ne4 Bb7 10. Re1 c5
11. Bf4 Bc6 12. Neg5 Nh6 13. Nxe6 fxe6 14. Rxe6+ Be7 15. Ne5 Bd5 16. Bxh6 Bxe6 17. Bxe6 gxh6 18. Qh5+
1-0

[Event "Slow chess...."]
[Site "SchemingMind.com"]
[Date "2008.06.07"]
[Round "-"]
[White "Sjakkie"]
[Black "lame wolf"]
[Result "1-0"]
[WhiteCountry "NED"]
[BlackCountry "INT"]
[WhiteElo "1400"]
[WhiteRD "77"]
[BlackElo "1052"]
[BlackRD "58"]
[GameID "158392"]

1. e4 g5 2. Nc3 d6 3. Nf3 g4 4. Nh4 h5 5. Be2 Bg7 6. d3 e5 7. Nf5 Bf6 8. Nd5 Ne7 9. Nxf6+ Kf8 10. Bh6+ Rxh6
11. Nxh6 Kg7 12. Nxh5+ Kxh6 13. Nf6 Ng6 14. Qd2+ Kg7 15. Nh5+ Kf8 16. O-O Nf4 17. Nxf4 exf4 18. Qxf4 Be6 19. Qh6+ Ke7 20. f4 Kd7
21. f5
1-0

[Event "Slow chess...."]
[Site "SchemingMind.com"]
[Date "2008.06.08"]
[Round "-"]
[White "Sjakkie"]
[Black "Brerrabbit"]
[Result "0-1"]
[WhiteCountry "NED"]
[BlackCountry "SCO"]
[WhiteElo "1423"]
[WhiteRD "78"]
[BlackElo "1457"]
[BlackRD "67"]
[GameID "158393"]

1. e4 e5 2. Nc3 Nf6 3. Nf3 Nc6 4. Bc4 Bc5 5. d3 d6 6. Ng5 Be6 7. Nd5 O-O 8. O-O Ng4 9. Nxe6 fxe6 10. Qxg4 exd5
11. Bxd5+ Kh8 12. c3 Rf6 13. Bg5 Qe7 14. Bxf6 Qxf6 15. Qd7 Rf8 16. d4 exd4 17. Kh1 dxc3 18. bxc3 h6 19. f3 Ne7 20. Rfc1 Nxd5
21. exd5 Rf7 22. Qc8+ Kh7 23. h3 Qe5 24. c4 b5 25. Re1 Qf4 26. Rac1 bxc4 27. Re4 Qxc1+ 28. Kh2 Qg1+ 29. Kg3 Bf2+ 30. Kg4 Qxg2+
31. Kh5 Qg5#
0-1

[Event "Slow chess...."]
[Site "SchemingMind.com"]
[Date "2008.06.08"]
[Round "-"]
[White "Sjakkie"]
[Black "jake"]
[Result "1-0"]
[WhiteCountry "NED"]
[BlackCountry "USA"]
[WhiteElo "1423"]
[WhiteRD "78"]
[BlackElo "1061"]
[BlackRD "82"]
[GameID "158394"]

1. e4 Nf6 2. d3 e5 3. Nf3 Nc6 4. Bg5 Bb4+ 5. Nbd2 Bxd2+ 6. Qxd2 b6 7. Be2 Ba6 8. O-O O-O 9. a3 Nd4 10. Nxe5 Nxe2+
11. Kh1 Qe7 12. Nf3 Qc5 13. Qxe2 Rae8 14. b4 Qb5 15. c4 Qa4 16. Nd4 Nxe4 17. Bf4 Nc3 18. Qg4 c5 19. b5 Nxb5 20. Nf5 Re6
21. Qxg7#
1-0

[Event "Slow chess...."]
[Site "SchemingMind.com"]
[Date "2008.06.07"]
[Round "-"]
[White "Sjakkie"]
[Black "rao"]
[Result "1-0"]
[WhiteCountry "NED"]
[BlackCountry "INT"]
[WhiteElo "1434"]
[WhiteRD "75"]
[BlackElo "1540"]
[BlackRD "70"]
[GameID "158395"]

1. e4 e5 2. Nc3 Bc5 3. Nf3 d6 4. d3 Bg4 5. Be2 h6 6. h3 Bh5 7. Nd5 c6 8. Nc3 Na6 9. a3 Bxf3 10. Bxf3 Qf6
11. O-O Ne7 12. Be3 Bxe3 13. fxe3 Ng6 14. Bh5 Qg5 15. Qf3 O-O 16. Bg4 Nh4 17. Qf2 Nc5 18. g3 Ng6 19. d4 Ne6 20. d5 Nc5
21. Rad1 h5 22. Bf5 Ne7 23. h4 Qh6 24. Nb1 Nxf5 25. exf5 Ne4 26. Qf3 Nf6 27. dxc6 bxc6 28. Rxd6 e4 29. Qe2 Rad8 30. Rxc6 Rc8
31. Rxc8 Rxc8 32. c3 Ng4 33. Nd2 Nxe3 34. Rf4 Nd5 35. Rxe4 Nf6 36. Re7 Qh7 37. Qa6 Qxf5 38. Qb7 Ng4 39. Ne4 Ne3 40. Nd2 Rd8
41. Rxe3 Rxd2 42. Rf3 Qe6 43. Qb8+ Kh7 44. Qf4 Rxb2 45. Re3 Qh3 46. Qe4+ g6 47. Re2 Qxg3+ 48. Rg2 Rb1+ 49. Qxb1 Qxc3 50. Qb7 Qc5+
51. Kh1 a5 52. Qxf7+ Kh8 53. Qxg6 Qc1+ 54. Rg1 Qxg1+ 55. Kxg1 a4 56. Qxh5+
1-0

[Event "Slow chess...."]
[Site "SchemingMind.com"]
[Date "2008.06.07"]
[Round "-"]
[White "lame wolf"]
[Black "Sjakkie"]
[Result "0-1"]
[WhiteCountry "INT"]
[BlackCountry "NED"]
[WhiteElo "1052"]
[WhiteRD "58"]
[BlackElo "1400"]
[BlackRD "77"]
[GameID "158397"]

1. c4 e5 2. d4 exd4 3. Qxd4 Nc6 4. Qd1 d6 5. e3 Nf6 6. b3 Ne4 7. Bb2 Qh4 8. Qc2 Nb4 9. Qe2 Be7 10. Nf3 Qh6
11. Ba3 Nc6 12. Bb2 O-O 13. Nbd2 Nc5 14. a3 Bf5 15. e4 Bg4 16. b4 Na4 17. Qe3 Qe6 18. Qb3 Bxf3 19. Qxa4 Bh5 20. Bc3 a6
21. Qb3 Nd8 22. Qb2 Bf6 23. Bxf6 gxf6 24. f3 f5 25. Bd3 fxe4 26. fxe4 Qg6 27. g3 Qg4 28. Kf2 Qh3 29. Bf1 Qg4 30. Qc3 f5
31. Qf3 fxe4 32. h3 Rxf3+
0-1

[Event "Slow chess...."]
[Site "SchemingMind.com"]
[Date "2008.06.08"]
[Round "-"]
[White "Brerrabbit"]
[Black "Sjakkie"]
[Result "0-1"]
[WhiteCountry "SCO"]
[BlackCountry "NED"]
[WhiteElo "1420"]
[WhiteRD "70"]
[BlackElo "1434"]
[BlackRD "75"]
[GameID "158398"]

1. e4 e5 2. Nf3 d6 3. Nc3 Nf6 4. d4 Nbd7 5. d5 c6 6. dxc6 bxc6 7. g3 Qb6 8. Bg2 Ng4 9. O-O Be7 10. Ng5 Ngf6
11. Be3 Qb4 12. Rb1 h6 13. a3 Qb7 14. b4 O-O 15. Nf3 Ng4 16. b5 cxb5 17. h3 Nxe3 18. fxe3 a6 19. Nd5 Bd8 20. h4 Qc6
21. c3 Nf6 22. Nxf6+ Bxf6 23. Qd3 Bd8 24. Rb4 f5 25. Nd2 Ba5 26. exf5 Qd7 27. Rbb1 Rb8 28. Bd5+ Kh8 29. f6 gxf6 30. Ne4 f5
31. c4 Bb7 32. Nc3 f4 33. exf4 Qh3 34. Rf3 Bb6+ 35. Re3 Qxg3+ 36. Kf1 Bxe3 37. Rb2 Rxf4+
0-1

[Event "Slow chess...."]
[Site "SchemingMind.com"]
[Date "2008.06.08"]
[Round "-"]
[White "jake"]
[Black "Sjakkie"]
[Result "0-1"]
[WhiteCountry "USA"]
[BlackCountry "NED"]
[WhiteElo "1061"]
[WhiteRD "82"]
[BlackElo "1423"]
[BlackRD "78"]
[GameID "158399"]

1. e3 e5 2. Qg4 d6 3. Bb5+ Nc6 4. Qc4 Be6 5. Qe4 Nf6 6. Bxc6+ Bd7 7. Bxb7 Nxe4 8. Bxe4 Rb8 9. Nc3 Be7 10. Nf3 O-O
11. O-O f5 12. Bd5+ Kh8 13. d4 e4 14. Nxe4 fxe4 15. Nd2 Rb5 16. Bxe4 g6 17. b3 Qe8 18. Nc4 Bd8 19. Nd2 d5 20. c4 dxe4
21. cxb5 Bxb5 22. Nxe4 Bxf1 23. Kxf1 Qxe4 24. Ba3 Qc2 25. Bxf8 Qd3+ 26. Ke1 Qc3+ 27. Ke2 Qxa1 28. e4 Qxa2+ 29. Kf3 Qxb3+ 30. Kf4 Qf7+
0-1

[Event "Slow chess...."]
[Site "SchemingMind.com"]
[Date "2008.06.08"]
[Round "-"]
[White "rao"]
[Black "Sjakkie"]
[Result "1-0"]
[WhiteCountry "INT"]
[BlackCountry "NED"]
[WhiteElo "1397"]
[WhiteRD "81"]
[BlackElo "1400"]
[BlackRD "77"]
[GameID "158400"]

1. e4 e5 2. Nf3 Nc6 3. Bc4 h6 4. d3 d6 5. Nc3 Bg4 6. h3 Bh5 7. Nd5 Nf6 8. g4 Bg6 9. c3 a6 10. Nh4 Be7
11. Nxg6 fxg6 12. Qf3 O-O 13. Nxe7+ Kh7 14. Nxc6 bxc6 15. h4 Qd7 16. Rg1 g5 17. hxg5 Nd5 18. Qh3 h5 19. Qxh5+ Kg8 20. Bxd5+ cxd5
21. g6
1-0